000 00895 a2200217 4500
001 3187
005 20260407155425.0
008 260407a2000 arg spa d
003 AR-UNSa-BCEJYS
040 _aAR-UNSa-BCEJYS
_bspa
_cAR-UNSa-BCEJYS
080 _a336.226.331
_xImpuestos sobre comestibles, bebidas y tabaco (Impuestos Internos)
245 1 0 _aImpuestos internos
020 _a950-739-903-8
264 1 _aBuenos Aires :
_bErrepar
_c2000
300 _axv, 223 p.
_c21 cm.
505 _a1. Aspectos teóricos de la imposición selectiva al consumo - 2. Régimen de los impuestos internos - 3. Legislación - 4. Resúmenes de jurisprudencia - 5. Casos prácticos
942 _cBK
590 _aniveau_biblio:m niveau_hierar:0
100 1 _aCeldeiro, Ernesto Carlos
856 4 1 _uhttps://biblioeco.unsa.edu.ar/pmb/images/libros/Impuestos internos-l86670.jpg
_yImagen de portada
_qimage/jpeg
999 _c289
_d289